1932 1507 1328 1021 1383 1613 1463 1000 1438 1424 1912 1388 1766 1268 1328 1859 1523 1485 1898 1150 1164 1786 1079 1488 1792 1624 1132 1130 1529 1644 1270 1117 1868 1643 1109 1045 1557 1900 1617 1152 1299 1113 1789 1328 1643 1175 1475 1706 1895 1108 1143 1277 1985 1335 1564 1010 1265 1294 1368 1372 1595 1925 1841 1414 1981 1740 1675 1823 1192 1260 1647 1619 1395 1967 1536 1775 1887 1201 1330 1462 1136 1433 1218 1471 1415 1167 1002 1974 1699 1162 1278 1365 1637 1892 1182 1277 1555 1130 1968 BCNSPRNW ULIB Ver.6.0+V

เปลี่ยนเป็นภาษาไทย

Change to English
 แสดงรายละเอียดบรรณานุกรม
  กลับหน้าหลัก

Brief Record : Get Marc (ISO 2709) : E-mail record : QR code < ปิดหน้าต่าง
LEADER : 00000nam 2200000uu 4500
001    13399127217
003     ULIB
008    200217s2562||||th 000 0 tha d
020    ^a9786161141486
060    ^aWY160^bธ653ก
100    ^aธีริศา สินาคม และทมาภรณ์ สุขสวรรค์
245    ^aการพยาบาลบุคคลที่มีความผิดปกติทางเพศสำหรับนักศึกษาพยาบาล
250    ^aพิมพ์ครั้งที่ 1
260    ^aนครสวรรค์ :^bโรงพิมพ์สยามศิลป์นครสวรรค์,^c2562
300    ^a127 หน้า;^b26 ซม.
650    ^aความผิดปกติทางเพศ
650    ^aการพยาบาล
945    ^p0^l0^i27892
945    ^p0^l0^i27893
945    ^p0^l0^i27894
945    ^p0^l0^i27895
945    ^p0^l0^i27896
999    ^aกัณชพร จุลอักษร
รายการนี้ยังไม่มีแท็ก
คุณยังไม่ได้ล็อกอิน คุณสามารถมีกิจกรรมร่วมกับเว็บไซต์ได้ แต่ต้องล็อกอินก่อน ::
  ล็อกอิน

รายการสื่อสารสนเทศ

ลำดับที่ ประเภท เลขเรียก/บาร์โค้ด สถานที่ สถานะ
1. หนังสือสำรอง
หนังสือสำรอง
WY160 ธ653ก ฉ.1 
  Barcode: 27892
ห้องสมุดวิทยาเขตนครสวรรค์
►หนังสือทั่วไป:l:General Books
บนชั้น
2. วิทยาศาสตร์การแพทย์ และสุขภาพ
วิทยาศาสตร์การแพทย์ และสุขภาพ
WY160 ธ653ก ฉ.2 
  Barcode: 27893
ห้องสมุดวิทยาเขตนครสวรรค์
►หนังสือทั่วไป:l:General Books
บนชั้น
3. วิทยาศาสตร์การแพทย์ และสุขภาพ
วิทยาศาสตร์การแพทย์ และสุขภาพ
WY160 ธ653ก ฉ.3 
  Barcode: 27894
ห้องสมุดวิทยาเขตนครสวรรค์
►หนังสือทั่วไป:l:General Books
บนชั้น
4. วิทยาศาสตร์การแพทย์ และสุขภาพ
วิทยาศาสตร์การแพทย์ และสุขภาพ
WY160 ธ653ก ฉ.4 
  Barcode: 27895
ห้องสมุดวิทยาเขตนครสวรรค์
►หนังสือทั่วไป:l:General Books
บนชั้น
5. วิทยาศาสตร์การแพทย์ และสุขภาพ
วิทยาศาสตร์การแพทย์ และสุขภาพ
WY160 ธ653ก ฉ.5 
  Barcode: 27896
ห้องสมุดวิทยาเขตนครสวรรค์
►หนังสือทั่วไป:l:General Books
บนชั้น

รายการใกล้เคียง
    ชื่อเรื่อง [การพยาบาลบุคคลที่มีความผิดปกติทางเพศสำหรับนักศึกษาพยาบาล]

    หัวเรื่อง [ความผิดปกติทางเพศ]
    หัวเรื่อง [การพยาบาล]

BibComment


ยังไม่เคยถูกคอมเมนท์

คอมเมนท์ทรัพยากรรายการนี้
  คอมเมนท์: การพยาบาลบุคคลที..


 Copyright 2026. Bcnsprnw @Library